Muslims as pagan idolaters in Chronicles of the First Crusade
| 1. VerfasserIn: | |
|---|---|
| Medienart: | Druck Aufsatz |
| Sprache: | Nichtbestimmte Sprache |
| Verfügbarkeit prüfen: | HBZ Gateway |
| Fernleihe: | Fernleihe für die Fachinformationsdienste |
| Veröffentlicht: |
1999
|
| In: |
Western views of Islam in medieval and early modern Europe
Jahr: 1999, Seiten: 97-117 |
| weitere Schlagwörter: | B
Crusades
B Kreuzzüge B Islam B Chronik B Chronicle |
MARC
| LEADER | 00000caa a22000002c 4500 | ||
|---|---|---|---|
| 001 | 597269904 | ||
| 003 | DE-627 | ||
| 005 | 20221017165929.0 | ||
| 007 | tu | ||
| 008 | 090404s1999 xx ||||| 00| ||und c | ||
| 020 | |a 0312218915 | ||
| 035 | |a (DE-627)597269904 | ||
| 035 | |a (DE-599)GBV597269904 | ||
| 040 | |a DE-627 |b ger |c DE-627 |e rakwb | ||
| 084 | |a 0 |2 ssgn | ||
| 100 | 1 | |a Tolan, John V. |4 aut | |
| 245 | 1 | 0 | |a Muslims as pagan idolaters in Chronicles of the First Crusade |c John V. Tolan |
| 264 | 1 | |c 1999 | |
| 336 | |a Text |b txt |2 rdacontent | ||
| 337 | |a ohne Hilfsmittel zu benutzen |b n |2 rdamedia | ||
| 338 | |a Band |b nc |2 rdacarrier | ||
| 650 | 4 | |a Kreuzzüge | |
| 650 | 4 | |a Chronik | |
| 650 | 4 | |a Islam | |
| 650 | 4 | |a Crusades | |
| 650 | 4 | |a Chronicle | |
| 773 | 0 | 8 | |i In |t Western views of Islam in medieval and early modern Europe |b 1. ed. |d New York, NY : St. Martin's Press, 1999 |g (1999), S. 97-117 |h VIII, 235 S |w (DE-627)266577229 |w (DE-576)085472395 |z 0312218915 |7 nnam |
| 773 | 1 | 8 | |g year:1999 |g pages:97-117 |
| 951 | |a AR | ||
| ELC | |b 1 | ||
| ORI | |a SA-MARC-ixtheo_oa001.raw | ||
| REL | |a 1 | ||
| STA | 0 | 0 | |a Chronicle,Crusades,Crusades,Crusades in art,Islam,Islam |
| STB | 0 | 0 | |a Chronique,Croisades,Croisades,Islam,Islam |
| STC | 0 | 0 | |a Cruzadas,Cruzadas,Crónica,Islam,Islam |
| STD | 0 | 0 | |a Crociate,Crociate,Cronaca,Islam,Islam |
| STE | 0 | 0 | |a 伊斯兰教,伊斯兰教,回教,回教,十字军东征,十字军东征,编年史 |
| STF | 0 | 0 | |a 伊斯蘭教,伊斯蘭教,回教,回教,十字軍東征,十字軍東征,編年史 |
| STG | 0 | 0 | |a Cruzadas,Cruzadas,Crônica,Islã,Islã |
| STH | 0 | 0 | |a Ислам (мотив),Ислам,Крестовые походы (мотив),Крестовые походы,Хроника |
| STI | 0 | 0 | |a Ισλάμ (μοτίβο),Ισλάμ,Σταυροφορίες (μοτίβο),Σταυροφορίες,Χρονικό |
| SUB | |a REL | ||
| SYE | 0 | 0 | |a Kreuzzug , Annalen , Islam |



